=LDR 00000nam 2200000 4500 =001 INLIS000000000055235 =005 20200318074903 =035 ##$$a 0010-0320000342 =007 ta =008 200318###########################0#ind## =020 ##$$a 978-602-72848-6-9 =082 ##$$a 658.404 =084 ##$$a 658.404 Mad m =245 1#$$a Menyusun estimasi biaya proyek /$c Made Pastiarsa =250 ##$$a Cet 1 =300 ##$$a x, 104 halaman : $b Ilustrasi ; $c 23 cm =650 #4$$a Manajemen proyek =504 ##$$a Bibliografi : halaman 101 - 104 =264 ##$$a Yogyakarta :$b Teknosain,$c 2015 =336 ##$$a Teks$2 rdacontent =337 ##$$a lain-lain$2 rdamedia =338 ##$$a lain-lain$2 rdacarrier =990 ##$$a 01050105 =990 ##$$a 01050105